000 00477nmm a2200169Ia 4500
008 251105s9999||||xx |||||||||||||||||und||
020 _a9788497433198
041 _aspa
100 _aAymes, Jean-René
245 0 _aIlustración y Revolución francesa en España
264 _a[Madrid, España] :
_bMilenio,
_c2009
300 _a338 páginas
490 _aHispania
650 _aHistory of Europe
856 _uhttps://public.digitaliapublishing.com/a/6385
942 _cCF
999 _c90516
_d90516